000 00554nam a2200169 a 4500
008 120416s1989 ||||||||||||||||| || u
020 _a0201136236
050 _aHB 172.5 Bar
100 _aBarron, John M
245 1 0 _aMacroeconomics
260 _aReading, Mass.
_bAddison-Wesley
_c1989
300 _axxiv, 715, 12p. : ill.
350 _a0.00
650 0 _aMACROECONOMICS
700 _aLynch, Gerald J
995 _D0.00
_FCBU-MAIN LIBRARY (Kitwe)
_H1
_I16.95
_UDAMAGED
_ZMain Library Open Access Collection
999 _c49632
_d49632